Statistics for Top 15 Countries with Covid-19 Cases - 3 October

Click here to take the quiz!

General Stats

  • This quiz has been taken 19 times
  • The average score is 15 of 24

Answer Stats

country% Correct
India
100%
United Kingdom
100%
United States
100%
Brazil
95%
France
95%
Russia
89%
Spain
84%
Argentina
79%
Mexico
74%
Chile
63%
Chile
63%
Peru
63%
Colombia
53%
South Africa
53%
Iran
47%
Israel
42%
Qatar
42%
Bahrain
37%
Costa Rica
37%
Kuwait
37%
Oman
37%
Panama
37%
Armenia
32%
Iraq
21%

Score Distribution

Percentile by Number Answered

Percent of People with Each Score

Your Score History

You have not taken this quiz